|
|
|
|
| LEADER |
00941nam a2200241 a 4500 |
| 001 |
12901537 |
| 008 |
01004r2003 njua 001 0 eng d |
| 010 |
|
|
|a 2002034556
|
| 020 |
|
|
|a 0131014595
|
| 020 |
|
|
|a 9788131708767
|
| 040 |
|
|
|a DLC
|c DLC
|d DLC
|d BD-DhAAL
|
| 082 |
0 |
0 |
|a 658.4380284
|2 21
|
| 100 |
1 |
|
|a Marakas, George M.
|
| 245 |
1 |
0 |
|a Modern data warehousing, mining, and visualization :
|b core concepts /
|c George M. Marakas.
|
| 260 |
|
|
|a Upper Saddle River, NJ :
|b Prentice Hall, ;
|a New Delhi :
|b Rearson Education,
|c 2003.[Reprinted]
|
| 300 |
|
|
|a xiv, 274 p. :
|b ill. ;
|c 24 cm.
|
| 541 |
1 |
|
|e 00021132
|
| 650 |
|
0 |
|a Data warehousing.
|
| 650 |
|
0 |
|a Data mining.
|
| 650 |
|
0 |
|a Visualization
|x Data processing.
|
| 852 |
4 |
|
|a Ayesha Abed Library
|j General shelf
|
| 999 |
|
|
|c 9622
|d 9622
|
| 952 |
|
|
|0 0
|1 0
|2 ddc
|4 0
|6 658_438028400000000_MAR_2003
|7 0
|9 12247
|a BRACUL
|b BRACUL
|c GEN
|d 2010-10-04
|g 341.25
|l 0
|o 658.4380284 MAR
|p 3010021132
|r 2010-10-04
|t 1
|w 2010-10-04
|y BK
|